000 00747nam a2200241 a 4500
008 951214s1988||||[C 0 slo c
020 _c33 Kčs.
_q(25000 výtl.)
040 _aSNK
_bslo
_cSNK
_eAACR2
041 1 _aslo
_hfre
044 _axo
_cSK
080 _a840-3
100 1 _aDelbéeová, Anne
_4aut
245 1 0 _aOsud jednej ženy
_cAnne Delbé ; Anne Delbée, Katarína Kenížová, Karol Rosmány
250 _a1., vyd.
260 _aBratislava
_bSmena
_c1988
_eBratislava
_fPravda
300 _a343 s., 18,57 AH
_c21 cm
490 0 _aEva
_vZv. 106.
500 _aRozlož. tit. list. Ilustr. na predsádkach.
700 1 _aDelbée, Anne
_4aut
700 1 _aKenížová, Katarína
_4trl
700 1 _aRosmány, Karol
_4bkd
958 _aA
999 _c10260
_d10260